[Event "Meesterklasse"]
[Site "Bunschoten"]
[Date "2017.05.08"]
[Round "9.1"]
[White "Burg, Twan"]
[Black "Van Delft, Merijn"]
[Result "1-0"]
[WhiteElo "2511"]
[BlackElo "2387"]
[PlyCount "71"]
[EventDate "2017.??.??"]
[WhiteTeam "HMC Calder"]
[BlackTeam "MuConsult Apeldoorn"]

1. c4 c6 2. e4 d5 3. exd5 cxd5 4. cxd5 Nf6 5. Nc3 Nxd5 6. Nf3 Nc6 7. Bb5 Nxc3
8. bxc3 g6 9. O-O Bg7 10. Re1 O-O 11. d4 Bd7 12. Ba3 Re8 13. Ng5 h6 14. Ne4 Na5
15. Bf1 Bc6 16. Rc1 Rc8 17. Bb4 Bd5 18. Qa4 Nc6 19. Ba3 Qa5 20. Bb5 Qxa4 21.
Bxa4 Red8 22. Nc5 b6 23. Nb7 Rd7 24. c4 Bxg2 25. d5 Rxb7 26. Bxc6 Rxc6 27. dxc6
Bxc6 28. Rxe7 Rxe7 29. Bxe7 f5 30. Rd1 Kf7 31. Bd6 b5 32. c5 a6 33. Bg3 Bf8 34.
Rd8 Be7 35. Rc8 Bd5 36. c6 1-0

[Event "Meesterklasse"]
[Site "Bunschoten"]
[Date "2017.05.06"]
[Round "9.2"]
[White "Zwirs, Nico"]
[Black "Dambacher, Martijn"]
[Result "0-1"]
[WhiteElo "2399"]
[BlackElo "2468"]
[PlyCount "94"]
[EventDate "2017.??.??"]
[WhiteTeam "MuConsult Apeldoorn"]
[BlackTeam "HMC Calder"]

1. e4 c5 2. Nf3 d6 3. d4 cxd4 4. Nxd4 Nf6 5. Nc3 a6 6. Be3 e5 7. Nb3 Be7 8. Be2
Be6 9. O-O O-O 10. f4 exf4 11. Bxf4 Nc6 12. Kh1 Ne5 13. Qe1 Rc8 14. Rd1 Qb6 15.
Qg3 Rfe8 16. Bh6 g6 17. Be3 Qd8 18. Nd4 Rxc3 19. bxc3 Nxe4 20. Qf4 Nxc3 21.
Rde1 Bxa2 22. Bf3 Bc4 23. Bd2 Bxf1 24. Rxf1 Qc7 25. Qe3 Qc4 26. Re1 Nd5 27. Qf2
Nxf3 28. gxf3 Rc8 29. Re4 Qc7 30. Qe2 Bf8 31. Qg2 Bg7 32. Qe2 h6 33. h4 Nc3 34.
Re8+ Kh7 35. Rxc8 Qxc8 36. Bxc3 Qxc3 37. Nb3 a5 38. h5 a4 39. hxg6+ fxg6 40.
Nc1 a3 41. Kg2 Qb2 42. Nd3 Qb5 43. Qe6 Qb1 44. Qc4 a2 45. Nf4 a1=Q 46. Qd3 Qh1+
47. Kf2 Qae1# 0-1

[Event "Meesterklasse"]
[Site "Bunschoten"]
[Date "2017.05.06"]
[Round "9.3"]
[White "Senders, Mischa"]
[Black "Van de Oudeweetering, Arthur"]
[Result "1-0"]
[WhiteElo "2295"]
[BlackElo "2299"]
[PlyCount "41"]
[EventDate "2017.??.??"]
[WhiteTeam "HMC Calder"]
[BlackTeam "MuConsult Apeldoorn"]

1. d4 d5 2. Nf3 Nf6 3. g3 Bf5 4. Bg2 e6 5. O-O Nbd7 6. c4 c6 7. Nc3 h6 8. Qb3
Qb6 9. c5 Qa6 10. Re1 b6 11. cxb6 axb6 12. Nh4 Bh7 13. e4 dxe4 14. Nxe4 Nxe4
15. Bxe4 Bxe4 16. Rxe4 Be7 17. Ng6 Rg8 18. Rxe6 fxg6 19. Bf4 Rf8 20. Rae1 Rf7
21. Qe3 1-0

[Event "Meesterklasse"]
[Site "Bunschoten"]
[Date "2017.05.06"]
[Round "9.4"]
[White "Beerdsen, Thomas"]
[Black "Broekmeulen, Jasper"]
[Result "1/2-1/2"]
[WhiteElo "2458"]
[BlackElo "2397"]
[PlyCount "127"]
[EventDate "2017.??.??"]
[WhiteTeam "MuConsult Apeldoorn"]
[BlackTeam "HMC Calder"]

1. e4 d5 2. exd5 Qxd5 3. Nf3 Bg4 4. Be2 Nc6 5. O-O O-O-O 6. h3 Bxf3 7. Bxf3 Qd7
8. c3 e5 9. Re1 Bd6 10. d3 f5 11. Qa4 Kb8 12. Bxc6 Qxc6 13. Qxc6 bxc6 14. Nd2
Nf6 15. Nc4 Rde8 16. Bd2 Kc8 17. Re2 Re6 18. Rae1 Rhe8 19. Be3 c5 20. Kf1 Kd7
21. Na5 e4 22. dxe4 Rxe4 23. Nb3 Kc6 24. Bg5 Rxe2 25. Rxe2 Rxe2 26. Kxe2 Ne4
27. Be3 Kd5 28. Na5 c4 29. Bxa7 c5 30. f3 Ng3+ 31. Kf2 Nh1+ 32. Ke3 f4+ 33. Kd2
Ng3 34. b3 Nf1+ 35. Ke2 Ne3 36. g4 Be5 37. bxc4+ Nxc4 38. Nb3 Bd6 39. a4 Ne5
40. a5 Kc4 41. Nd2+ Kb5 42. Bb6 c4 43. Bd4 Nc6 44. a6 Nxd4+ 45. cxd4 Bb8 46. d5
Kxa6 47. Nxc4 Kb5 48. Kd3 Kc5 49. d6 Kd5 50. h4 g6 51. g5 Bxd6 52. Nxd6 Kxd6
53. Ke4 Ke6 54. Kxf4 Kd5 55. Kg3 Ke5 56. f4+ Kd6 57. h5 Ke7 58. h6 Ke6 59. Kf3
Kf5 60. Ke3 Ke6 61. Ke4 Kf7 62. Ke5 Kg8 63. Kf6 Kh8 64. Kf7 1/2-1/2

[Event "Meesterklasse"]
[Site "Apeldoorn"]
[Date "2017.04.26"]
[Round "9.5"]
[White "Bosch, Jeroen"]
[Black "Pruijssers, Roeland"]
[Result "1/2-1/2"]
[WhiteElo "2407"]
[BlackElo "2504"]
[PlyCount "82"]
[EventDate "2017.??.??"]
[WhiteTeam "HMC Calder"]
[BlackTeam "MuConsult Apeldoorn"]

1. d4 f5 2. e4 fxe4 3. Nc3 Nf6 4. Bg5 g6 5. h4 d5 6. h5 Bf5 7. Bxf6 exf6 8. g4
Be6 9. hxg6 Qd7 10. g5 fxg5 11. Qh5 Qg7 12. gxh7+ Kd8 13. f3 Bf5 14. fxe4 Rxh7
15. Qf3 dxe4 16. Qg2 Nd7 17. O-O-O Nf6 18. Nge2 Bd6 19. Kb1 Rxh1 20. Qxh1 Kd7
21. d5 Qh7 22. Qg1 Bg4 23. Qd4 Qf5 24. Qa4+ Ke7 25. Nd4 Qf2 26. Be2 Bxe2 27.
Ncxe2 g4 28. c4 g3 29. Qb3 g2 30. c5 Bxc5 31. d6+ Bxd6 32. Qe6+ Kf8 33. Nf5 Ng8
34. Nxd6 Rd8 35. Rd5 g1=Q+ 36. Nxg1 Qxg1+ 37. Kc2 Qf2+ 38. Kb1 Qg1+ 39. Kc2
Qh2+ 40. Kb1 Qh1+ 41. Kc2 Qg2+ 1/2-1/2

[Event "Meesterklasse"]
[Site "Bunschoten"]
[Date "2017.05.06"]
[Round "9.6"]
[White "Kuipers, Stefan"]
[Black "Schoorl, Rob"]
[Result "1-0"]
[WhiteElo "2384"]
[BlackElo "2292"]
[PlyCount "59"]
[EventDate "2017.??.??"]
[WhiteTeam "MuConsult Apeldoorn"]
[BlackTeam "HMC Calder"]

1. e4 g6 2. d4 Bg7 3. Nc3 c6 4. Nf3 d6 5. h3 Nf6 6. Bd3 Nbd7 7. O-O Qc7 8. Be3
O-O 9. Qd2 b5 10. Ne2 c5 11. c3 Bb7 12. Ng3 a6 13. Rfe1 e5 14. d5 Nb6 15. Nh2
Nxe4 16. Nxe4 f5 17. Ng3 Nxd5 18. Bh6 Bxh6 19. Qxh6 Nf4 20. Bf1 d5 21. Rad1 e4
22. b4 c4 23. Ne2 Nd3 24. Nd4 Rae8 25. Re2 Bc8 26. Nhf3 exf3 27. Nxf3 Re4 28.
Red2 Ne5 29. Ng5 Bb7 30. Qxf8+ 1-0

[Event "Meesterklasse"]
[Site "Bunschoten"]
[Date "2017.05.06"]
[Round "9.7"]
[White "Van Dooren, Dirk"]
[Black "Rijnaarts, Sjef"]
[Result "1/2-1/2"]
[WhiteElo "2346"]
[BlackElo "2336"]
[PlyCount "57"]
[EventDate "2017.??.??"]
[WhiteTeam "HMC Calder"]
[BlackTeam "MuConsult Apeldoorn"]

1. e4 c5 2. Nf3 d6 3. d4 cxd4 4. Nxd4 Nf6 5. Nc3 a6 6. Bg5 e6 7. f4 Qb6 8. Qd2
Qxb2 9. Rb1 Qa3 10. f5 Nc6 11. fxe6 fxe6 12. Nxc6 bxc6 13. e5 dxe5 14. Bxf6
gxf6 15. Ne4 Qxa2 16. Rd1 Be7 17. Be2 O-O 18. O-O Ra7 19. Qh6 Rd7 20. Rxd7 Bxd7
21. Bd3 Rf7 22. Nxf6+ Bxf6 23. Bxh7+ Rxh7 24. Qxf6 Rg7 25. Qd8+ Kh7 26. Qh4+
Kg8 27. Qd8+ Kh7 28. Qh4+ Kg8 29. Qd8+ 1/2-1/2

[Event "Meesterklasse"]
[Site "Bunschoten"]
[Date "2017.05.06"]
[Round "9.8"]
[White "Lammens, Tim"]
[Black "Ondersteijn, Niels"]
[Result "0-1"]
[WhiteElo "2312"]
[BlackElo "2375"]
[PlyCount "80"]
[EventDate "2017.??.??"]
[WhiteTeam "MuConsult Apeldoorn"]
[BlackTeam "HMC Calder"]

1. Nf3 Nf6 2. d4 g6 3. g3 Bg7 4. Bg2 O-O 5. O-O c5 6. c4 cxd4 7. Nxd4 Nc6 8.
Nc3 Ng4 9. e3 d6 10. h3 Nge5 11. b3 Rb8 12. Bb2 Nxd4 13. exd4 Nc6 14. Nd5 a6
15. Re1 Bd7 16. Qd2 Re8 17. Rad1 Na7 18. Qf4 Bc6 19. Rd2 b5 20. c5 Bxd5 21.
Bxd5 e6 22. Bf3 d5 23. b4 Nc6 24. a3 a5 25. Bc3 Qd7 26. bxa5 Ra8 27. Qd6 Qb7
28. Rb1 Nxa5 29. Bxa5 Rxa5 30. Be2 Bf8 31. Qf4 Qb8 32. Qf3 Qa7 33. Rxb5 Rxa3
34. Qf4 Bg7 35. Kg2 e5 36. dxe5 Bxe5 37. Qg5 Qa4 38. Qg4 Bc3 39. Rxd5 Qc2 40.
Bf3 Ra2 0-1

[Event "Meesterklasse"]
[Site "Bunschoten"]
[Date "2017.05.06"]
[Round "9.9"]
[White "Umudova, Nargiz"]
[Black "Kabatianski, Alexander"]
[Result "1-0"]
[WhiteElo "2214"]
[BlackElo "2379"]
[PlyCount "64"]
[EventDate "2017.??.??"]
[WhiteTeam "HMC Calder"]
[BlackTeam "MuConsult Apeldoorn"]

1. e4 c5 2. Nf3 e6 3. g3 Nc6 4. Bg2 Nf6 5. d3 Be7 6. O-O d6 7. Qe2 O-O 8. c3
Bd7 9. a3 Qc7 10. b4 e5 11. Nbd2 b5 12. Bb2 Rfe8 13. d4 exd4 14. cxd4 c4 15.
Bc3 Rac8 16. Rfe1 Bd8 17. Qd1 a6 18. h3 Qa7 19. d5 Ne7 20. Qc2 Bb6 21. Nf1 Ng6
22. Rad1 Bxf2+ 23. Qxf2 Qxf2+ 24. Kxf2 Nxe4+ 25. Rxe4 Rxe4 26. Ng5 Re7 27. Ne4
Rd8 28. Nxd6 Bxh3 29. Bxh3 Rxd6 30. Ne3 Rd8 31. d6 Ree8 32. d7 Re4 1-0

[Event "Meesterklasse"]
[Site "Bunschoten"]
[Date "2017.05.06"]
[Round "9.10"]
[White "Hachijan, Armen"]
[Black "Van der Stricht, Geert"]
[Result "0-1"]
[WhiteElo "2296"]
[BlackElo "2352"]
[PlyCount "78"]
[EventDate "2017.??.??"]
[WhiteTeam "MuConsult Apeldoorn"]
[BlackTeam "HMC Calder"]

1. Nf3 d5 2. g3 c6 3. Bg2 Bg4 4. O-O Nd7 5. d3 e5 6. e4 dxe4 7. dxe4 Ngf6 8. h3
Bh5 9. Qe1 Be7 10. Nh4 O-O 11. Nf5 Bg6 12. Nxe7+ Qxe7 13. a4 Nc5 14. Nd2 Rfd8
15. f3 b5 16. a5 Ne6 17. Qf2 Nh5 18. Nb1 Nd4 19. Re1 Nxg3 20. f4 exf4 21. Bxf4
Nxe4 22. Bxe4 Bxe4 23. Nc3 f5 24. Rad1 Qf6 25. Bc7 Nf3+ 26. Kf1 Rxd1 27. Rxd1
Qf7 28. Bf4 Re8 29. Qc5 g5 30. Bg3 Bxc2 31. Rd6 f4 32. Bf2 Bf5 33. Rh6 Bg6 34.
Qxc6 Ne5 35. Qd6 Kg7 36. Rxg6+ Qxg6 37. Nxb5 Qb1+ 38. Be1 Qxe1+ 39. Kxe1 Nf7+
0-1

[Event "NK Jeugd A"]
[Site "Assen"]
[Date "2017.04.28"]
[Round "8.1"]
[White "Van Foreest, Lucas"]
[Black "Warmerdam, Max"]
[Result "1-0"]
[WhiteElo "2477"]
[BlackElo "2351"]
[PlyCount "131"]
[EventDate "2017.??.??"]

1. e4 c5 2. Nc3 d6 3. g3 g6 4. Bg2 Bg7 5. Nge2 Nc6 6. O-O e6 7. d3 Nge7 8. Be3
Nd4 9. Nc1 b6 10. Nb1 Ndc6 11. c3 d5 12. f4 O-O 13. Bf2 dxe4 14. Bxe4 Qc7 15.
Na3 Bb7 16. Ne2 Rad8 17. Qc2 Qb8 18. Rad1 Rd7 19. Rd2 Rfd8 20. Rfd1 Nf5 21. Nc4
Nd6 22. Nxd6 Rxd6 23. d4 cxd4 24. Nxd4 Nxd4 25. Bxd4 Bxd4+ 26. Rxd4 Rxd4 27.
Rxd4 Rxd4 28. cxd4 Bxe4 29. Qxe4 Qc7 30. Qe2 Qc6 31. Qd2 Qd5 32. b3 Qf3 33. Qf2
Qd3 34. Kg2 Kf8 35. Qb2 Kg8 36. Qa3 Qe2+ 37. Kg1 Qe1+ 38. Kg2 Qe4+ 39. Kh3 Qf5+
40. Kg2 Qd5+ 41. Kh3 a5 42. Qb2 Qh5+ 43. Kg2 Qd1 44. Qc3 Qe2+ 45. Kh3 Qh5+ 46.
Kg2 Qe2+ 47. Kh3 Qxa2 48. d5 Qe2 49. Qc8+ Kg7 50. Qc3+ Kh6 51. g4 f5 52. gxf5
Qf1+ 53. Kg3 Qg1+ 54. Kf3 Qd1+ 55. Kf2 Qxd5 56. f6 Qh5 57. Qg3 Qc5+ 58. Kg2
Qc2+ 59. Qf2 Qxf2+ 60. Kxf2 b5 61. Ke3 a4 62. bxa4 bxa4 63. Kd4 a3 64. Kc3 g5
65. fxg5+ Kg6 66. Kb3 1-0